| 000 | 01207nam a2200325 i 4500 | ||
|---|---|---|---|
| 001 | 000007212 | ||
| 003 | DO-SdBNP | ||
| 005 | 20260517204935.0 | ||
| 007 | ta | ||
| 008 | 090907s2004 dr 001 0 spa d | ||
| 020 | _a9993497428 | ||
| 040 |
_aDO-SdBNP _bspa _cBNPHU _erda |
||
| 082 | 4 |
_a362.1097293 _bC355e _222 |
|
| 100 | 1 |
_aCastro Ventura, Santiago _eautor _4aut. _91837 |
|
| 245 | 1 | 0 |
_aEnfermedades de dominicanos célebres / _cSantiago Castro Ventura ; prólogo, Mauro Canario Lorenzo |
| 250 | _aSegunda edición ampliada y corregida | ||
| 264 | 4 |
_aSanto Domingo, República Dominicana _bEditora Manatí, _c©2004 |
|
| 300 |
_a343 páginas ; _c21 cm |
||
| 336 |
_atexto _btxt _2rdacontent |
||
| 337 |
_asi mediación _bn _2rdamedia |
||
| 338 |
_avolumen _bnc _2rdacarrier |
||
| 590 | _aLa biblioteca posee 1 ejemplar autografíado | ||
| 590 | _aInventariado, 2023/BT | ||
| 650 | 7 |
_2Lemb _aPolíticos _xEnfermedades _zRepública Dominicana _989629 |
|
| 650 | 7 |
_2Lemb _aMujeres _xEnfermedades _zRepública Dominicana _989630 |
|
| 651 | 7 |
_2Lemb _aRepública Dominicana _xEnfermedades _989631 |
|
| 700 | 1 |
_aCanario Lorenzo, Mauro, _eprologuista _920010 _4prol. |
|
| 910 | _aBtavárez | ||
| 942 |
_2ddc _cLBS1 _e23 |
||
| 999 |
_c6993 _d6993 |
||